| 000 | 00560cam a2200193 a 4500 | ||
|---|---|---|---|
| 001 | 000017663 | ||
| 005 | 20200929165203.0 | ||
| 008 | 741126s1972 xxc 000 0 fre d | ||
| 040 |
_aDO-SdBNP _cDeU _dDLC _dBNPHU |
||
| 042 | _apremarc | ||
| 082 |
_aNNNN _bH677s |
||
| 100 | 1 |
_aHénault, Gilles, _d1920- _938480 |
|
| 245 | 1 | 0 |
_aSignaux pour les voyants : _bpoèmes 1941-1962 / _c[par] Gilles Henault. |
| 260 |
_aOttawa : _bL'Hexagone, _c1972. |
||
| 300 |
_a211 p. ; _c20 cm. |
||
| 504 | _aBibliography: 203 | ||
| 910 | _aCatalogación derivada | ||
| 049 | _aBNGR | ||
| 999 |
_c17188 _d17188 |
||